Normal view
MARC view
Entry Corporate Name
001 - CONTROL NUMBER
- control field: 59947
003 - CONTROL NUMBER IDENTIFIER
- control field:
005 - DATE AND TIME OF LATEST TRANSACTION
- control field: 20241009093745.0
008 - FIXED-LENGTH DATA ELEMENTS
- fixed length control field: 241009|| aca||aabn | a|a d
040 ## - CATALOGING SOURCE
- Original cataloging agency:
- Transcribing agency:
110 ## - HEADING--CORPORATE NAME
- Corporate name or jurisdiction name as entry element: OGUN State (Nigeria). Ministry of finance and economic development statistics division
670 ## - SOURCE DATA FOUND
- Source citation: Work cat.: ()23741: OGUN State (Nigeria). Ministry of finance and economic development statistics division., A summary of current motor statistics- Jan. - Dec. 1977 /, (1978?)
